| 000 | 00664nam a22002537a 4500 | ||
|---|---|---|---|
| 001 | 000682 | ||
| 003 | DO-SdBNP | ||
| 005 | 20180222115429.0 | ||
| 007 | 000682 | ||
| 008 | 151210b 2006 sp ac 00| 0 spa d | ||
| 020 | _a8434225107 | ||
| 040 |
_aBPMSU _bspa _cBPMSU |
||
| 100 | 1 | _aNos Aguilá, Oriol | |
| 245 | 1 | 0 |
_aFísica & agua / _cOriol Nos Aguilá |
| 250 | _a4a. ed. | ||
| 260 |
_aMadrid ; _bParramón edicones, _c2006. |
||
| 300 |
_a48 p. : _bil. ; _c28 cm. |
||
| 490 | 0 | _aPequeño ingeniero | |
| 500 | _aIncluye glosario. | ||
| 830 | _aPequeño ingeniero | ||
| 942 |
_2ddc _cBK |
||
| 945 | _aInventariado, 2018/MFF | ||
| 956 |
_aYngrid Lockward _b10 |
||
| 999 |
_c11433 _d11433 |
||